60 năm phật học viện Hải Đức Nha Trang (1956-2016)
Đề cập những cơ sở tiền thân của Phật học viện Hải Đức Nha Trang. Trình bày Phật học viện Hải Đức Nha Trang giai đoạn 1956-1975 và 1975-2016.
Đã lưu trong:
| Tác giả chính: | |
|---|---|
| Định dạng: | Sách |
| Năm xuất bản: |
TP.Hồ Chí Minh
Tổng hợp TP.Hồ Chí Minh
2016
|
| Chủ đề: | |
| Tags: |
Thêm thẻ
Không có thẻ, Hãy là người đầu tiên gắn thẻ bản ghi này!
|
| LEADER | 01056nam a2200205 4500 | ||
|---|---|---|---|
| 082 | |a 294.3 |b L250C | ||
| 100 | |a Lê Cung | ||
| 245 | |a 60 năm phật học viện Hải Đức Nha Trang (1956-2016) |c Lê Cung chủ biên, Lê Thành Nam, Nguyễn Trung Triều | ||
| 260 | |a TP.Hồ Chí Minh |b Tổng hợp TP.Hồ Chí Minh |c 2016 | ||
| 300 | |a 335tr. |c 24cm. | ||
| 520 | |a Đề cập những cơ sở tiền thân của Phật học viện Hải Đức Nha Trang. Trình bày Phật học viện Hải Đức Nha Trang giai đoạn 1956-1975 và 1975-2016. | ||
| 653 | |a Phật giáo | ||
| 653 | |a Phật học | ||
| 653 | |a Viện Hải Đức | ||
| 653 | |a Nha Trang | ||
| 653 | |a 1956-2016 | ||
| 942 | |2 ddc |c STK0 | ||
| 999 | |c 13376 |d 13376 | ||
| 952 | |0 0 |1 0 |2 ddc |4 0 |6 294_300000000000000_L250C |7 0 |8 200 |9 109164 |a qbu |b qbu |c D2 |d 2016-12-08 |g 70000 |l 1 |o 294.3 L250C |p 12248.c1 |r 2021-08-02 |s 2021-07-23 |w 2016-12-08 |y STK0 | ||
| 952 | |0 0 |1 0 |2 ddc |4 0 |6 294_300000000000000_L250C |7 0 |8 200 |9 109165 |a qbu |b qbu |c D2 |d 2016-12-08 |g 70000 |o 294.3 L250C |p 12248.c2 |r 0000-00-00 |w 2016-12-08 |y STK0 | ||